Hilal November-2011 (Record no. 197733)
[ view plain ]
| 000 -LEADER | |
|---|---|
| fixed length control field | 00726 a2200181 4500 |
| 003 - CONTROL NUMBER IDENTIFIER | |
| control field | Nust |
| 005 - DATE AND TIME OF LATEST TRANSACTION | |
| control field | 20170207154438.0 |
| 040 ## - CATALOGING SOURCE | |
| Transcribing agency | Nust |
| 082 ## - DEWEY DECIMAL CLASSIFICATION NUMBER | |
| Classification number | 050 |
| 100 ## - MAIN ENTRY--PERSONAL NAME | |
| Personal name | Maj Gen Athar Abbas,HI(M) |
| 245 ## - TITLE STATEMENT | |
| Title | Hilal November-2011 |
| Statement of responsibility, etc. | Maj Gen Athar Abbas,HI(M) |
| 250 ## - EDITION STATEMENT | |
| Edition statement | 5, Volume 48 |
| 260 ## - PUBLICATION, DISTRIBUTION, ETC. | |
| Place of publication, distribution, etc. | Rawalpindi,Pakistan |
| Name of publisher, distributor, etc. | ISPR Dte |
| Date of publication, distribution, etc. | November-2011 |
| 300 ## - PHYSICAL DESCRIPTION | |
| Extent | English-41 & Urdu-51p; |
| 505 ## - FORMATTED CONTENTS NOTE | |
| Formatted contents note | Food for Thought (Page-5) Pak-China Friendship Year (Page-4) Pak-Us Relation (Page-9) Scourge of Terrorism (Page-13) Economic Profile (Page-15) Pages from Military History (Page-24) Health Watch (Page-26) Miscellanea (Page-23) News & Update (Page-32) |
| 538 ## - SYSTEM DETAILS NOTE | |
| System details note | Almirah No.137 Shelf No.5 |
| 651 ## - SUBJECT ADDED ENTRY--GEOGRAPHIC NAME | |
| Geographic name | Pakistan Armed Forces Magazine |
| 942 ## - ADDED ENTRY ELEMENTS (KOHA) | |
| Koha item type | |
| Withdrawn status | Lost status | Source of classification or shelving scheme | Damaged status | Not for loan | Collection code | Permanent Location | Current Location | Date acquired | Total Checkouts | Full call number | Barcode | Date last seen | Price effective from | Koha item type |
|---|---|---|---|---|---|---|---|---|---|---|---|---|---|---|
| Military College of Signals (MCS) | Military College of Signals (MCS) | 12/12/2016 | 050 ABB | MCSP-33/54 | 12/08/2016 | 12/12/2016 | Book |
